
Library Catalogue

| 000 -LEADER | |
|---|---|
| fixed length control field | 01741nam a2200217Ia 4500 |
| 003 - CONTROL NUMBER IDENTIFIER | |
| control field | OSt |
| 005 - DATE AND TIME OF LATEST TRANSACTION | |
| control field | 20210915111801.0 |
| 008 - FIXED-LENGTH DATA ELEMENTS--GENERAL INFORMATION | |
| fixed length control field | 160316s2002 xxu||||| |||| 00| 0 eng d |
| 040 ## - CATALOGING SOURCE | |
| Transcribing agency | . |
| 082 ## - DEWEY DECIMAL CLASSIFICATION NUMBER | |
| Classification number | 338.9 MEI-1 |
| Item number | MEI-1 |
| 100 ## - MAIN ENTRY--PERSONAL NAME | |
| Personal name | Meier Gerald M |
| 245 ## - TITLE STATEMENT | |
| Title | Leading issues in economic development |
| 250 ## - EDITION STATEMENT | |
| Edition statement | 7th Repr |
| 260 ## - PUBLICATION, DISTRIBUTION, ETC. | |
| Place of publication, distribution, etc. | New York |
| Name of publisher, distributor, etc. | Oxford University Press |
| Date of publication, distribution, etc. | 2002 |
| 300 ## - PHYSICAL DESCRIPTION | |
| Extent | 578p |
| Dimensions | xix |
| 365 ## - TRADE PRICE | |
| Price amount | Rs.330 |
| 505 ## - FORMATTED CONTENTS NOTE | |
| Formatted contents note | CONTENTS;<br/>UST OF EXHIBITS;<br/>PREFACE;<br/>USING THIS BOOK;<br/>I. INTRODUCTION;<br/>Overview;<br/>I.A. MEASURING DEVELOPMENT;<br/>I.B. ECONOMIC PERFORMANCE OF LESS DEVELOPED COUNTRIES:<br/>THE RECENT PAST<br/>1.C The Discipline of Development Economics<br/>II. HISTORICAL PERSPECTIVE<br/>III •. SAVINGS AND INVESTMENT<br/>IV. INTERNATIONAL TRADE AND TECHNOLOGY TRANSFER<br/>IVA TRADE<br/>V. HUMAN RESOURCES<br/>VA EDUCATION<br/>V.B. POPULATION<br/>V.D. GENDER AND DEVELOPMENT<br/>VI. MIGRATION AND THE URBAN INFORMAL SECTOR <br/>VII. AGRICULTURE<br/>VII.A THE IMPORTANCE OF AGRICULTURE FOR ECONOMIC DEVELOPMENT <br/>VII.B. DESIGNING AN AGRICULTURAL STRATEGY <br/>VII.C. MICROECONOMICS OF THE RURAL SECOR<br/>VII.D. AGRICULTURAL PRICING POLICY AND URBAN BIAS<br/>VII. INCOME DISTRIBUTION<br/>VlII. A. THE IMPACT OF DEVELOPMENT ON INCOME DISTRIBUTION<br/>VlII. B. THE IMPAACT OF INCOME DISTRIBUTION ON DEVELOPMENT<br/>VIII.C. CASE STUDIES<br/>IX. POLITICAL ECONOMY;<br/>IX.A. THE (PROPER) ROLE OF THE STATE IN LESS DEVELOPED COUNTRIES<br/>IX.B. RENT SEEKING AND GOVERNMENT FAILURE<br/>IX.C. STATE CAPACITY;<br/>X. DEVELOPMENT AND THE ENVIRONMENT;<br/>APPENDIX: HOW TO READ A REGRESSION TABLE;<br/>INDEX OF SELEGION AUTHORS;<br/>INDEX<br/> |
| 650 ## - SUBJECT ADDED ENTRY--TOPICAL TERM | |
| Topical term or geographic name entry element | 1. Economic Development - Developing Countries2. Economic Performance - Less Developed Countries |
| 700 ## - ADDED ENTRY--PERSONAL NAME | |
| Personal name | Rauch James E |
| -- | |
| 942 ## - ADDED ENTRY ELEMENTS (KOHA) | |
| Source of classification or shelving scheme | Dewey Decimal Classification |
| Koha item type | BOOKs |
| Withdrawn status | Lost status | Damaged status | Not for loan | Home library | Current library | Shelving location | Date acquired | Cost, normal purchase price | Total Checkouts | Full call number | Barcode | Date last seen | Price effective from | Koha item type |
|---|---|---|---|---|---|---|---|---|---|---|---|---|---|---|
| NLS | NLS | General Stacks | 30/05/2017 | 330.00 | 338.9 MEI-1 | 17768 | 14/06/2024 | 30/05/2017 | BOOKs |